000 00649nam a2200193 i 4500
001 171136
003 ES-MaACL
005 20250808062750.0
008 090430s1957 sp |||| | spa d
100 0 _aRoyo Marín, Antonio.
_9100232
245 1 0 _aTeología moral para seglares.
_nI,
_pMoral fundamental y especial /
_cpor Antonio Royo Marín.
260 _aMadrid :
_bLa Editorial Católica,
_c1957.
300 _aXV, 823 p. ;
_c20 cm.
490 1 _aBiblioteca de autores cristianos ;
_v166
500 _aÍndices.
830 0 0 _aBiblioteca de autores cristianos
_v166
_9178679
852 _aES-MaACL
_jJ-164
_9R.46092
999 _c171136
_d171136